LEADER 00880nam0-22002771i-450- 001 990006075620403321 005 19980601 035 $a000607562 035 $aFED01000607562 035 $a(Aleph)000607562FED01 035 $a000607562 100 $a19980601d1989----km-y0itay50------ba 105 $a--------00-yy 200 1 $a<>Schutz von Religion und Weltanschaung durch das Grundgesetz$everfassungsfragen zur Existenz und Tatigkeit der neunen "Jugendreligionen"$fPETER BADURA 210 $aTubingen$cJ.C.B. Mohr$d1989 215 $a94 p.$d22 cm 676 $a340.1 700 1$aBadura,$bPeter$0324133 801 0$aIT$bUNINA$gRICA$2UNIMARC 901 $aBK 912 $a990006075620403321 952 $aBUSTA 8 (14) 12$b10182*$fFGBC 959 $aFGBC 996 $aSchutz von Religion und Weltanschaung durch das Grundgesetz$9576150 997 $aUNINA DB $aGIU01 LEADER 00834nac0-22002891i-450- 001 990007046550403321 005 20020214 035 $a000704655 035 $aFED01000704655 035 $a(Aleph)000704655FED01 035 $a000704655 100 $a20020214d1958----km-y0itay50------ba 101 0 $aita 102 $aIT 105 $ay-------001yy 200 1 $aDifesa sociale$fFilippo Gramatica 210 $aMilano$cFrancesco Vallardi$d1958 215 $a2 p.$d24 cm 300 $aEstratto da: , diretta da Gaetano Azzariti, Ernesto Battaglini, Francesco Santoro-Passarelli, vol. 3 676 $a345$v20$zita 700 1$aGramatica,$bFilippo 801 0$aIT$bUNINA$gRICA$2UNIMARC 901 $aBK 912 $a990007046550403321 952 $aBUSTA 5[13] 25$b57746$fFGBC 959 $aFGBC 997 $aUNINA